[Event "VIII Torneo Leonardo di Bona B"]
[Site "Cutro ITA"]
[Date "2002.04.29"]
[Round "7"]
[White "Tomba, Patrizia"]
[Black "Anastasio, Giovanni"]
[Result "1-0"]
[WhiteElo "1543"]
[BlackElo "1507"]
[PlyCount "133"]
[EventDate "2002.04.24"]

1. e4 c5 2. d4 cxd4 3. c3 dxc3 4. Nxc3 e6 5. Nf3 Bb4 6. Bd2 a6 7. Bc4 Ne7 8.
O-O b5 9. Bb3 Bb7 10. Qe2 Nbc6 11. Rfd1 O-O 12. Be1 Ng6 13. Qd3 Nge5 14. Nxe5
Nxe5 15. Qd4 Bxc3 16. Bxc3 f6 17. Bb4 Re8 18. Rd2 Bc6 19. Rad1 a5 20. Bc5 a4
21. Bc2 Nc4 22. Re2 e5 23. Qc3 Qa5 24. Bb4 Qa7 25. b3 Nb6 26. Bc5 Qb7 27. Bxb6
Qxb6 28. bxa4 bxa4 29. Red2 Rac8 30. Qc4+ Kh8 31. Bxa4 Rcd8 32. h3 h6 33. Rd6
Rc8 34. Bxc6 Rxc6 35. Rxc6 Qxc6 36. Qf7 Rd8 37. Qe7 Qc7 38. a4 Qc8 39. a5 Qc7
40. a6 Qc8 41. a7 Kh7 42. Ra1 Qa8 43. Qxd8 Qxd8 44. a8=Q Qb6 45. Qd5 Qc7 46.
Rd1 Qc2 47. Qd3 Qc6 48. f3 Kg6 49. Qxd7 Qc5+ 50. Kh2 Qe3 51. Qf5+ Kf7 52. Rd7+
Kf8 53. Rd8+ Kf7 54. Rd7+ Kf8 55. Rc7 Qf4+ 56. Qxf4 exf4 57. g4 fxg3+ 58. Kxg3
Kg8 59. Kf4 Kh7 60. Kf5 h5 61. f4 Kh6 62. Rc8 Kh7 63. e5 fxe5 64. fxe5 g6+ 65.
Kf6 h4 66. e6 g5 67. e7 1-0

[Event "VIII Torneo Leonardo di Bona B"]
[Site "Cutro ITA"]
[Date "2002.04.30"]
[Round "8"]
[White "Armentano, Alessio"]
[Black "Parrotta, Daniele"]
[Result "1/2-1/2"]
[WhiteElo "1828"]
[BlackElo "1723"]
[PlyCount "24"]
[EventDate "2002.04.24"]

1. e4 d6 2. d4 Nf6 3. Nc3 g6 4. f4 Bg7 5. Nf3 c5 6. Bb5+ Bd7 7. e5 Ng4 8. h3
Nh6 9. O-O O-O 10. Bxd7 Nxd7 11. dxc5 Nxc5 12. Be3 Rc8 1/2-1/2

[Event "VIII Torneo Leonardo di Bona B"]
[Site "Cutro ITA"]
[Date "2002.04.30"]
[Round "8"]
[White "Forlano, Luigi"]
[Black "Todic, Simo"]
[Result "1-0"]
[WhiteElo "1884"]
[BlackElo "1693"]
[PlyCount "77"]
[EventDate "2002.04.24"]

1. e4 c5 2. Nf3 d6 3. d4 cxd4 4. Nxd4 Nf6 5. f3 a6 6. c4 e6 7. Be3 Be7 8. Nc3
O-O 9. Qd2 Nc6 10. Be2 Bd7 11. O-O Qc7 12. Rac1 Ne5 13. b3 Qa5 14. Nd5 Qd8 15.
Nxe7+ Qxe7 16. Rfd1 Rfd8 17. Nc2 Bc6 18. Bb6 Rd7 19. Qa5 Ng6 20. b4 Nf4 21. Bf1
Qe8 22. b5 Bxe4 23. fxe4 Nxe4 24. Qe1 f5 25. Be3 g5 26. b6 Qg6 27. c5 d5 28.
Nd4 e5 29. c6 bxc6 30. Rxc6 Qf7 31. Nf3 Qe7 32. Bxf4 gxf4 33. Rdc1 d4 34. Bc4+
Kg7 35. Be6 Rd6 36. Rc7 Rxe6 37. Rxe7+ Rxe7 38. Rc7 Kf7 39. Nxe5+ 1-0

[Event "VIII Torneo Leonardo di Bona B"]
[Site "Cutro ITA"]
[Date "2002.04.30"]
[Round "8"]
[White "Liperoti, Mimmo"]
[Black "Russo, Carmelo"]
[Result "0-1"]
[WhiteElo "1600"]
[BlackElo "1669"]
[PlyCount "82"]
[EventDate "2002.04.24"]

1. d4 Nf6 2. c4 g6 3. Nc3 d5 4. cxd5 Nxd5 5. e4 Nxc3 6. bxc3 Bg7 7. Bc4 O-O 8.
Ne2 c5 9. O-O cxd4 10. cxd4 Nc6 11. Be3 e6 12. Qc2 a6 13. Rab1 b5 14. Bxb5 Nxd4
15. Nxd4 axb5 16. Nc6 Qc7 17. Rxb5 Ba6 18. Rc5 Bxf1 19. Kxf1 Qd7 20. a4 Rfe8
21. e5 Bf8 22. Rc4 Rec8 23. a5 Qb7 24. Bb6 Qa6 25. Qa4 Kg7 26. Ke1 Rab8 27.
Nxb8 Qxc4 28. Qxc4 Rxc4 29. Nd7 Bb4+ 30. Ke2 Rc2+ 31. Kf3 Ra2 32. Nf6 Bxa5 33.
Be3 Bc3 34. Bf4 Ra3 35. Kg4 Ra5 36. Ne8+ Kh8 37. Nf6 Bxe5 38. Bxe5 Rxe5 39. f4
h5+ 40. Kf3 Rf5 41. h3 Rxf6 0-1

[Event "VIII Torneo Leonardo di Bona B"]
[Site "Cutro ITA"]
[Date "2002.04.30"]
[Round "8"]
[White "Londino, Eugenio"]
[Black "Tomba, Patrizia"]
[Result "0-1"]
[WhiteElo "1473"]
[BlackElo "1543"]
[PlyCount "126"]
[EventDate "2002.04.24"]

1. e3 e5 2. Bc4 Nf6 3. a3 d5 4. Ba2 Be7 5. d3 O-O 6. Ne2 Nc6 7. O-O b6 8. Ng3
Qd7 9. Nc3 d4 10. exd4 exd4 11. Nce4 Nxe4 12. Nxe4 Bb7 13. Bf4 Kh8 14. Bg3 f5
15. Nd2 f4 16. Bxf4 Rxf4 17. Ne4 Ne5 18. f3 Bxe4 19. dxe4 d3 20. c3 d2 21. Kh1
Rd8 22. Qb3 Bc5 23. Rad1 Nd3 24. g3 Rff8 25. Kg2 Ne5 26. Qd5 Qxd5 27. Bxd5 Be3
28. f4 c6 29. Bb3 Ng6 30. Bc2 b5 31. Rf3 Bb6 32. h4 h5 33. e5 Ne7 34. Be4 g6
35. Kf1 Rd7 36. Ke2 Rfd8 37. f5 gxf5 38. Bxf5 Rd5 39. g4 Rxe5+ 40. Kf1 Nxf5 41.
gxf5 Rdd5 42. f6 Rf5 43. Kg2 Rxf3 44. Kxf3 Rf5+ 45. Ke4 Rxf6 46. Rxd2 Kg7 47.
Rd7+ Kg6 48. b3 Bf2 49. c4 bxc4 50. bxc4 Bc5 51. a4 Rd6 52. Rc7 Bb6 53. Rc8
Re6+ 54. Kf4 Be3+ 55. Kf3 Bc5 56. a5 Bd4 57. Kf4 c5 58. Kf3 a6 59. Rb8 Kf5 60.
Rg8 Rg6 61. Rf8+ Rf6 62. Rg8 Ke6+ 63. Ke4 Rh6 0-1

[Event "VIII Torneo Leonardo di Bona B"]
[Site "Cutro ITA"]
[Date "2002.04.30"]
[Round "8"]
[White "Mano, Vincenzo"]
[Black "Baffa, Pietro"]
[Result "1/2-1/2"]
[WhiteElo "1798"]
[BlackElo "1636"]
[PlyCount "144"]
[EventDate "2002.04.24"]

1. e4 c5 2. Nf3 e6 3. c4 Nc6 4. Nc3 d6 5. d3 Nf6 6. Be2 Be7 7. h3 h6 8. Bf4 O-O
9. O-O b6 10. Bh2 Bb7 11. a3 d5 12. e5 Ne8 13. Qc2 d4 14. Ne4 Qd7 15. Nfd2 f5
16. exf6 Nxf6 17. Nxf6+ Bxf6 18. Bg4 g6 19. Rfe1 Rae8 20. Ne4 Be5 21. Ng3 Bf4
22. Bf3 Qc7 23. Re2 Nd8 24. Bxb7 Nxb7 25. Rae1 Rf6 26. Qa4 Nd6 27. Kh1 Re7 28.
Nf1 Bxh2 29. Nxh2 h5 30. Nf3 Nf7 31. b4 g5 32. bxc5 bxc5 33. Ne5 Nd8 34. Kg1
Qb7 35. Qa5 Qc7 36. Qb5 Nb7 37. Rb2 Nd6 38. Qb8+ Kg7 39. Reb1 Rf5 40. Nf3 e5
41. Qxc7 Rxc7 42. Re2 Kf6 43. Nh2 Nf7 44. g3 Nh6 45. Rb8 g4 46. hxg4 hxg4 47.
Re4 Rg5 48. Rf8+ Kg6 49. a4 Rf5 50. Re8 Rcf7 51. Nxg4 Nxg4 52. Rxg4+ Kh7 53.
Rh4+ Kg7 54. Rhh8 Rf3 55. Rhg8+ Kf6 56. g4 Rxd3 57. g5+ Kf5 58. g6 Rf6 59. g7
Rd1+ 60. Kg2 Ke4 61. f3+ Kd3 62. Rxe5 Rg6+ 63. Kf2 Rd2+ 64. Kf1 Rg3 65. Rf5
Rdg2 66. f4 Rg1+ 67. Kf2 R1g2+ 68. Kf1 Kxc4 69. Rc8 Rg1+ 70. Kf2 R1g2+ 71. Ke1
Rg1+ 72. Kd2 R1g2+ 1/2-1/2

[Event "VIII Torneo Leonardo di Bona B"]
[Site "Cutro ITA"]
[Date "2002.04.30"]
[Round "8"]
[White "Morelli, Gaetano"]
[Black "Leto, Marco"]
[Result "1-0"]
[WhiteElo "1668"]
[BlackElo "1639"]
[PlyCount "93"]
[EventDate "2002.04.24"]

1. d4 d5 2. c4 e6 3. Nc3 Nf6 4. Bg5 Nbd7 5. e3 Be7 6. Nf3 O-O 7. Bd3 Re8 8. O-O
b6 9. cxd5 Nxd5 10. Bxe7 Qxe7 11. Nxd5 exd5 12. Qc2 Nf6 13. Rac1 Bg4 14. Ne5
Qd6 15. Qxc7 Qxc7 16. Rxc7 Be6 17. Ba6 Bc8 18. Bxc8 Rexc8 19. Rfc1 Rxc7 20.
Rxc7 a5 21. f3 b5 22. Kf1 b4 23. Ke2 h6 24. Kd2 a4 25. Rb7 a3 26. Rxb4 axb2 27.
Rxb2 Ra3 28. Nd3 Kf8 29. Nc1 g5 30. Rb3 Ra5 31. a3 g4 32. Nd3 h5 33. Nc5 h4 34.
Ke2 h3 35. gxh3 gxh3 36. Kf2 Ne8 37. Kg3 Nd6 38. Kxh3 Nc4 39. a4 Nd2 40. Rb5
Ra8 41. a5 Nxf3 42. a6 Nd2 43. Rb7 Nc4 44. a7 Kg7 45. Ne6+ Kf6 46. Nc7 Rh8+ 47.
Kg3 1-0

[Event "VIII Torneo Leonardo di Bona B"]
[Site "Cutro ITA"]
[Date "2002.04.30"]
[Round "8"]
[White "Olivo, Gaetano"]
[Black "Grano, Giuseppe"]
[Result "0-1"]
[WhiteElo "1513"]
[BlackElo "1567"]
[PlyCount "50"]
[EventDate "2002.04.24"]

1. e4 c5 2. Nf3 d6 3. d4 cxd4 4. Nxd4 Nf6 5. Nc3 g6 6. Bg5 Bg7 7. Bb5+ Bd7 8.
Bxd7+ Nbxd7 9. O-O a6 10. Qd2 O-O 11. f3 Rc8 12. Bh6 Qb6 13. Kh1 Bxh6 14. Qxh6
Qxd4 15. Rfd1 Qb6 16. Nd5 Nxd5 17. exd5 Rxc2 18. h4 Qxb2 19. Rdb1 Qg7 20. Qe3
Qf6 21. Qe4 Rfc8 22. Re1 R8c4 23. Qxe7 Rxh4+ 24. Kg1 Qd4+ 25. Kf1 Rh1# 0-1

[Event "VIII Torneo Leonardo di Bona B"]
[Site "Cutro ITA"]
[Date "2002.04.30"]
[Round "8"]
[White "Olivo, Paolo"]
[Black "Frontera, Giuseppe"]
[Result "0-1"]
[WhiteElo "1570"]
[BlackElo "1768"]
[PlyCount "54"]
[EventDate "2002.04.24"]

1. e4 c5 2. Nf3 d6 3. d4 cxd4 4. Nxd4 Nf6 5. Nc3 e6 6. Be3 a6 7. Be2 Be7 8. f4
b5 9. a3 Bb7 10. Bf3 Qc7 11. O-O Nbd7 12. Qe1 Nc5 13. Bd2 O-O 14. e5 Nfd7 15.
Qg3 dxe5 16. f5 Qb6 17. Bh6 Bf6 18. fxe6 Nxe6 19. Bxb7 exd4 20. Nd5 Qxb7 21.
Nxf6+ Nxf6 22. Rxf6 Kh8 23. Rxe6 fxe6 24. Qe5 Qf7 25. Qxd4 Rad8 26. Qe3 Qf2+
27. Kh1 Qf1+ 0-1

[Event "VIII Torneo Leonardo di Bona B"]
[Site "Cutro ITA"]
[Date "2002.04.30"]
[Round "8"]
[White "Procopio, Giuseppe"]
[Black "Paragliola, Gennaro"]
[Result "1-0"]
[WhiteElo "1432"]
[BlackElo "1495"]
[PlyCount "121"]
[EventDate "2002.04.24"]

1. e4 d6 2. d4 Nf6 3. Nc3 g6 4. Bg5 Bg7 5. Qd2 O-O 6. Bh6 c5 7. Bxg7 Kxg7 8.
Nf3 cxd4 9. Nxd4 Nc6 10. Nxc6 bxc6 11. Be2 Qb6 12. Rb1 a5 13. a4 Ng4 14. O-O f5
15. h3 Ne5 16. Qg5 Rf7 17. Kh1 fxe4 18. Nxe4 Bf5 19. f3 Raf8 20. Bd3 h6 21. Qd2
d5 22. Nf2 Bxd3 23. Nxd3 Nc4 24. Qc3+ Kh7 25. Ne5 Nxe5 26. Qxe5 Qc5 27. Qe2 Qd6
28. b3 c5 29. Qb5 Qc7 30. Rbd1 d4 31. Rde1 Kg7 32. Re6 Rb8 33. Rc6 Qa7 34. Qxc5
Qxc5 35. Rxc5 Ra8 36. Rd1 Rf4 37. Rc4 e5 38. Re1 Kf6 39. Rc6+ Kf5 40. Rc5 Re8
41. Rxa5 Kf6 42. Rc5 e4 43. fxe4 Rfxe4 44. Rxe4 Rxe4 45. a5 Re1+ 46. Kh2 Ra1
47. b4 Ke6 48. Kg3 Kd6 49. Kf2 Ra2 50. Ke1 Ra4 51. Rb5 Kc6 52. Rb6+ Kd5 53. Kd2
Kc4 54. g4 Ra2 55. Kc1 Ra3 56. Rxg6 Rxh3 57. a6 Kc3 58. Rc6+ Kxb4 59. a7 Ra3
60. Rb6+ Kc3 61. Rb3+ 1-0

[Event "VIII Torneo Leonardo di Bona B"]
[Site "Cutro ITA"]
[Date "2002.04.30"]
[Round "8"]
[White "Sautto, Alessandra"]
[Black "Fittante, Giuliana"]
[Result "1/2-1/2"]
[WhiteElo "1686"]
[BlackElo "1815"]
[PlyCount "47"]
[EventDate "2002.04.24"]

1. d4 Nf6 2. Nf3 d5 3. e3 Bg4 4. h3 Bh5 5. Nbd2 e6 6. Bd3 c5 7. c3 Nc6 8. O-O
Bd6 9. dxc5 Bxc5 10. e4 Bg6 11. Qe2 dxe4 12. Nxe4 Nxe4 13. Bxe4 Bxe4 14. Qxe4
Qe7 15. Qg4 f6 16. Re1 e5 17. Nh4 g6 18. Qc4 Bb6 19. Be3 Bxe3 20. Rxe3 Qf7 21.
Qc5 Qe7 22. Qc4 Qf7 23. Qc5 Qe7 24. Qc4 1/2-1/2

[Event "VIII Torneo Leonardo di Bona B"]
[Site "Cutro ITA"]
[Date "2002.04.30"]
[Round "8"]
[White "Solenghi, Giuseppe"]
[Black "Anastasio, Giovanni"]
[Result "0-1"]
[WhiteElo "1624"]
[BlackElo "1507"]
[PlyCount "139"]
[EventDate "2002.04.24"]

1. e4 c5 2. Nf3 e6 3. d4 cxd4 4. Nxd4 a6 5. Bd3 b5 6. O-O Bc5 7. Nb3 Be7 8.
N1d2 Nc6 9. Nf3 Qc7 10. Re1 Bd6 11. c3 e5 12. Be3 Nge7 13. Nh4 O-O 14. Qg4 Kh8
15. Nf5 Nxf5 16. exf5 f6 17. h4 Nd8 18. h5 Nf7 19. Qh4 Be7 20. h6 Nxh6 21. Bxh6
gxh6 22. Qxh6 Rg8 23. Nd2 d5 24. Qh5 e4 25. Bc2 Qf4 26. Nxe4 dxe4 27. Rxe4 Qxf5
28. Qf7 Bc5 29. Qxg8+ Kxg8 30. Re8+ Kf7 31. Bxf5 Kxe8 32. Bxh7 Ra7 33. Re1+ Kf8
34. Bc2 Rg7 35. Rd1 Be7 36. Be4 f5 37. Bc2 Bb7 38. g3 f4 39. Rd7 Bc8 40. Rc7
Be6 41. Rc6 Bxa2 42. Rxa6 Bc4 43. Ra8+ Kf7 44. b3 Be2 45. Ra7 fxg3 46. fxg3 Kg8
47. Ra8+ Kf7 48. Kf2 Bg4 49. Ra7 Ke8 50. Ra8+ Bd8 51. Bd3 Bd7 52. Be4 Ke7 53.
Kg2 Bc7 54. Rh8 Rxg3+ 55. Kf2 Rg7 56. Rh7 Be5 57. Rxg7+ Bxg7 58. c4 b4 59. Bd5
Kd6 60. Ke3 Bf5 61. Be4 Bd7 62. Kd3 Kc5 63. Bg6 Bh3 64. Bh7 Bf1+ 65. Kc2 Kd4
66. Bf5 Bg2 67. Bd7 Be4+ 68. Kd1 Kc3 69. Ba4 Bc2+ 70. Kc1 0-1

[Event "VIII Torneo Leonardo di Bona B"]
[Site "Cutro ITA"]
[Date "2002.05.01"]
[Round "9"]
[White "Anastasio, Giovanni"]
[Black "Olivo, Gaetano"]
[Result "1-0"]
[WhiteElo "1507"]
[BlackElo "1513"]
[PlyCount "39"]
[EventDate "2002.04.24"]

1. d4 f5 2. e3 Nf6 3. c4 c6 4. Nf3 g6 5. Nc3 e6 6. Bd3 d5 7. a3 Bg7 8. b4 O-O
9. O-O Nbd7 10. Ne2 Re8 11. Rb1 Qc7 12. Nf4 e5 13. dxe5 Nxe5 14. Nxe5 Rxe5 15.
Bb2 Re7 16. Bxf6 Bxf6 17. cxd5 Qd6 18. dxc6 bxc6 19. Bc4+ Re6 20. Qxd6 1-0

[Event "VIII Torneo Leonardo di Bona B"]
[Site "Cutro ITA"]
[Date "2002.05.01"]
[Round "9"]
[White "Grano, Giuseppe"]
[Black "Fittante, Giuliana"]
[Result "0-1"]
[WhiteElo "1567"]
[BlackElo "1815"]
[PlyCount "179"]
[EventDate "2002.04.24"]

1. Nf3 Nf6 2. d4 d5 3. e3 Bg4 4. c3 Nbd7 5. Be2 e6 6. Nbd2 Bd6 7. O-O O-O 8.
Qc2 c5 9. Re1 Rc8 10. b3 a6 11. Bb2 b5 12. a3 cxd4 13. exd4 Qb6 14. b4 e5 15.
Nxe5 Nxe5 16. dxe5 Bxe5 17. Bxg4 Nxg4 18. Nf3 Bd6 19. h3 Nf6 20. Rad1 Rc4 21.
Rd4 Rxd4 22. cxd4 Rd8 23. Ne5 Bxe5 24. Rxe5 Re8 25. Rxe8+ Nxe8 26. Qc8 Qe6 27.
Qc1 h6 28. Kf1 Nd6 29. Qe1 Qxe1+ 30. Kxe1 Nc4 31. Bc1 Kf8 32. Ke2 Ke7 33. Kd3
h5 34. h4 Ke6 35. g3 Kf5 36. f3 f6 37. Ke2 g6 38. Kd3 Nd6 39. Bf4 Nc4 40. Bc1
g5 41. Ke2 g4 42. Kf2 gxf3 43. Kxf3 Nd6 44. Bb2 Ne4 45. Bc1 Nc3 46. Bb2 Ne4 47.
Bc1 Nd6 48. Bf4 Nc4 49. Bc1 a5 50. Bh6 axb4 51. axb4 Na3 52. Bf8 Nc2 53. Bc5
Ne1+ 54. Kf2 Nd3+ 55. Kf3 Nc1 56. Bd6 Na2 57. Bc5 Nc1 58. Bd6 Ke6 59. Bc5 Nd3
60. Ke3 Ne1 61. Kf2 Nc2 62. Kf3 Kf5 63. Kf2 Kg4 64. Kg2 f5 65. Kf2 f4 66. gxf4
Kxf4 67. Ke2 Ke4 68. Kd2 Nxd4 69. Kd1 Nf3 70. Be7 Kd3 71. Bf6 d4 72. Be7 Ke4
73. Ke2 d3+ 74. Kd1 Kd4 75. Bf6+ Kc4 76. Be7 Kc3 77. Kc1 Ne1 78. Kd1 Nc2 79.
Bg5 Kxb4 80. Kd2 Kc4 81. Bf6 Nd4 82. Be7 Nf3+ 83. Kd1 b4 84. Bf6 Kb3 85. Kc1
Ka2 86. Kd1 b3 87. Kc1 d2+ 88. Kd1 b2 89. Bxb2 Kxb2 90. Ke2 0-1

[Event "VIII Torneo Leonardo di Bona B"]
[Site "Cutro ITA"]
[Date "2002.05.01"]
[Round "9"]
[White "Leto, Marco"]
[Black "Liperoti, Mimmo"]
[Result "0-1"]
[WhiteElo "1639"]
[BlackElo "1600"]
[PlyCount "82"]
[EventDate "2002.04.24"]

1. d4 d5 2. c4 Nf6 3. Nc3 e6 4. Bg5 Bd7 5. e3 c6 6. Qb3 Bc8 7. Rc1 Be7 8. Bd3
Nbd7 9. Nf3 O-O 10. cxd5 exd5 11. Qc2 Re8 12. Kf1 h6 13. h4 Ng4 14. Bh7+ Kh8
15. Bf5 f6 16. Bxg4 fxg5 17. hxg5 Bxg5 18. Qg6 Nf8 19. Qh5 Bxg4 20. Qxg4 Bf6
21. Ne2 Re4 22. Nf4 Qd7 23. Qh5 Qe8 24. Qf5 Kg8 25. g4 Qc8 26. Qh5 Qe8 27. Qf5
Qd7 28. Qh5 Qf7 29. Qh3 Ne6 30. Nxe6 Qxe6 31. Nd2 Rxg4 32. f3 Qxe3 33. fxg4
Qxd2 34. Qc3 Qf4+ 35. Ke2 Re8+ 36. Kd1 Qxg4+ 37. Kc2 Bxd4 38. Qd3 Re2+ 39. Kd1
Re3+ 40. Kc2 Rxd3 41. Kxd3 Qe4+ 0-1

[Event "VIII Torneo Leonardo di Bona B"]
[Site "Cutro ITA"]
[Date "2002.05.01"]
[Round "9"]
[White "Levato, Biagio"]
[Black "Solenghi, Giuseppe"]
[Result "0-1"]
[WhiteElo "1413"]
[BlackElo "1624"]
[PlyCount "80"]
[EventDate "2002.04.24"]

1. d4 d5 2. c4 e5 3. e3 exd4 4. exd4 Nf6 5. Nc3 Be7 6. Bg5 c6 7. Nf3 O-O 8. Bd3
Nbd7 9. O-O h6 10. Bh4 dxc4 11. Bxc4 Nb6 12. Bb3 Nbd5 13. Nxd5 Nxd5 14. Bxe7
Nxe7 15. Re1 Nd5 16. Ne5 Be6 17. Bc2 Nf6 18. Rc1 Qb6 19. Nd3 Qxd4 20. Re3 Bg4
21. Qe1 Rfe8 22. Qd2 Rxe3 23. fxe3 Qb6 24. Re1 Rd8 25. Qf2 Be6 26. b3 Qc7 27.
Nf4 Ng4 28. Qe2 Qa5 29. Rf1 Rd2 30. Qe1 Qc3 31. Bd1 Nxe3 32. Rf3 Rxd1 33. Qxd1
Nxd1 34. Rxc3 Nxc3 35. Nxe6 fxe6 36. a3 b5 37. Kf2 Nb1 38. Ke3 Nxa3 39. Kd4 Kf7
40. Kc5 Kf6 0-1

[Event "VIII Torneo Leonardo di Bona B"]
[Site "Cutro ITA"]
[Date "2002.05.01"]
[Round "9"]
[White "Olivo, Paolo"]
[Black "Procopio, Giuseppe"]
[Result "0-1"]
[WhiteElo "1570"]
[BlackElo "1432"]
[PlyCount "84"]
[EventDate "2002.04.24"]

1. e4 c5 2. Nf3 d6 3. d4 cxd4 4. Nxd4 Nf6 5. Nc3 Nc6 6. Be3 e5 7. Nb3 a6 8. Bg5
Be7 9. Nd5 Nxe4 10. Bxe7 Nxe7 11. Nxe7 Qxe7 12. Qd3 Nf6 13. O-O-O d5 14. h3 O-O
15. g4 Ne4 16. Qe3 Be6 17. Kb1 Qf6 18. Rh2 Rfd8 19. f3 Nd6 20. Bd3 d4 21. Qe2
Bxb3 22. axb3 Qf4 23. h4 Qf6 24. g5 Qe7 25. Rg1 Re8 26. c4 dxc3 27. bxc3 e4 28.
fxe4 Nxe4 29. Kb2 Nc5 30. Qxe7 Rxe7 31. Bc2 Rae8 32. Rd1 Re5 33. b4 Ne4 34. Bb3
g6 35. Rf1 R8e7 36. Re2 Kf8 37. Rfe1 b5 38. Bc2 Nd2 39. Rxe5 Nc4+ 40. Kb3 Nxe5
41. Ra1 Nd7 42. c4 Re3+ 0-1

[Event "VIII Torneo Leonardo di Bona B"]
[Site "Cutro ITA"]
[Date "2002.05.01"]
[Round "9"]
[White "Parrotta, Daniele"]
[Black "Morelli, Gaetano"]
[Result "1/2-1/2"]
[WhiteElo "1723"]
[BlackElo "1668"]
[PlyCount "39"]
[EventDate "2002.04.24"]

1. e4 Nf6 2. e5 Nd5 3. d4 d6 4. c4 Nb6 5. f4 dxe5 6. fxe5 Nc6 7. Be3 Bf5 8. Nf3
e6 9. Nc3 Bg4 10. Be2 Be7 11. O-O O-O 12. Ne4 Bh4 13. Nxh4 Bxe2 14. Qxe2 Qxh4
15. Nf6+ gxf6 16. Rf4 Qxf4 17. Bxf4 Nxd4 18. Qe4 fxe5 19. Bxe5 Nf5 20. Qg4+ 1/2-1/2

[Event "VIII Torneo Leonardo di Bona B"]
[Site "Cutro ITA"]
[Date "2002.05.01"]
[Round "9"]
[White "Russo, Carmelo"]
[Black "Baffa, Pietro"]
[Result "0-1"]
[WhiteElo "1669"]
[BlackElo "1636"]
[PlyCount "52"]
[EventDate "2002.04.24"]

1. Nf3 c5 2. b3 Nc6 3. Bb2 d5 4. g3 Bf5 5. Bg2 e6 6. O-O Nf6 7. d3 h6 8. Nbd2
Be7 9. Re1 O-O 10. e4 dxe4 11. dxe4 Bg4 12. e5 Nh7 13. h3 Bh5 14. g4 Bg6 15. a3
Qc7 16. Nc4 Rad8 17. Qe2 b5 18. Ne3 Nd4 19. Nxd4 cxd4 20. Nf1 Qxc2 21. Qxc2
Bxc2 22. Rac1 d3 23. Bc3 Bxa3 24. Ra1 b4 25. Nd2 bxc3 26. Rxa3 cxd2 0-1

[Event "VIII Torneo Leonardo di Bona B"]
[Site "Cutro ITA"]
[Date "2002.05.01"]
[Round "9"]
[White "Todic, Simo"]
[Black "Mano, Vincenzo"]
[Result "1/2-1/2"]
[WhiteElo "1693"]
[BlackElo "1798"]
[PlyCount "141"]
[EventDate "2002.04.24"]

1. e4 c5 2. Nf3 d6 3. d4 cxd4 4. Qxd4 Nc6 5. Bb5 Bd7 6. Qe3 g6 7. Bd2 Qc7 8.
Bc3 e5 9. O-O a6 10. Ba4 Bh6 11. Qe2 f5 12. Bd2 f4 13. Nc3 Nf6 14. Rad1 O-O-O
15. Bb3 Bg4 16. h3 Nd4 17. Qd3 Nxf3+ 18. gxf3 Bxh3 19. Rfe1 g5 20. Nd5 Nxd5 21.
Qxd5 Kb8 22. Ba5 b6 23. Bb4 Bf8 24. Rd3 Qb7 25. Qxb7+ Kxb7 26. Red1 Kc7 27.
Rc3+ Kd7 28. Ba4+ b5 29. Bb3 h5 30. Rcd3 Rh6 31. a4 Rc8 32. axb5 axb5 33. Rd5
Kc6 34. Ra1 Be6 35. Rd3 Bxb3 36. Rxb3 Rb8 37. Ra7 Rb7 38. Ra8 Be7 39. Rc3+ Kd7
40. Rcc8 Rh7 41. Rg8 Ke6 42. c3 Bf6 43. Ra6 Rhd7 44. Rga8 Be7 45. Rh8 h4 46.
Rh6+ Kf7 47. Bxd6 Bf6 48. Rh7+ Bg7 49. Bxe5 Kg8 50. Rxg7+ Rxg7 51. Bxg7 Kxg7
52. Rd6 b4 53. Rc6 bxc3 54. bxc3 Rb1+ 55. Kg2 Rb2 56. c4 Kf7 57. c5 Rc2 58. Rc8
Ke6 59. c6 Kd6 60. Rd8+ Kc7 61. Rd5 h3+ 62. Kxh3 Rxf2 63. Kg4 Rg2+ 64. Kf5 Kxc6
65. Rd3 Rg3 66. e5 g4 67. Kxf4 Rxf3+ 68. Rxf3 gxf3 69. Kxf3 Kd5 70. Kf4 Ke6 71.
Ke4 1/2-1/2

[Event "VIII Torneo Leonardo di Bona B"]
[Site "Cutro ITA"]
[Date "2002.05.01"]
[Round "9"]
[White "Tomba, Patrizia"]
[Black "Frontera, Giuseppe"]
[Result "1-0"]
[WhiteElo "1543"]
[BlackElo "1768"]
[PlyCount "49"]
[EventDate "2002.04.24"]

1. e4 c5 2. d4 cxd4 3. c3 dxc3 4. Nxc3 d6 5. Nf3 Nc6 6. h3 a6 7. Bc4 e6 8. O-O
Nf6 9. Qe2 b5 10. Bb3 Bb7 11. Rd1 Qc7 12. Bf4 Be7 13. Rac1 Qb8 14. e5 dxe5 15.
Nxe5 Nxe5 16. Bxe5 Qa7 17. Nxb5 axb5 18. Qxb5+ Kf8 19. Rc7 Qa6 20. Rxb7 Qxb5
21. Rxb5 Rd8 22. Rxd8+ Bxd8 23. Bd6+ Be7 24. Rb8+ Ne8 25. Ba4 1-0

[Event "C.to Provinciale CO"]
[Site "Mariano Comense ITA"]
[Date "2002.02.09"]
[Round "1"]
[White "Bellotto, Stefano"]
[Black "Orsenigo, Davide"]
[Result "1-0"]
[WhiteElo "1710"]
[BlackElo "1570"]
[PlyCount "67"]
[EventDate "2002.02.09"]

1. d4 Nf6 2. c4 c5 3. d5 b5 4. cxb5 a6 5. b6 d6 6. Nc3 g6 7. a4 Qxb6 8. a5 Qb7
9. e4 Nbd7 10. Nf3 Bg7 11. Be2 O-O 12. O-O h6 13. Nd2 Ne8 14. Nc4 Nc7 15. Be3
Kh7 16. Na4 Rb8 17. Rb1 Ne5 18. Ncb6 Nd7 19. b4 Nxb6 20. bxc5 dxc5 21. Nxc5 Qa8
22. axb6 Ne8 23. Bf4 Nd6 24. e5 Nb7 25. Nxa6 Bf5 26. Ra1 Rbd8 27. Nc7 Qc8 28.
Ra8 Qd7 29. Bb5 Qxb5 30. Nxb5 Rxa8 31. Nc7 Ra5 32. Qd2 Rd8 33. Qb4 Be4 34. Qxe4
1-0

[Event "C.to Provinciale CO"]
[Site "Mariano Comense ITA"]
[Date "2002.02.09"]
[Round "1"]
[White "Bevilacqua, Roberto"]
[Black "Colombo, Eugenio"]
[Result "1-0"]
[WhiteElo "2063"]
[BlackElo "1582"]
[PlyCount "93"]
[EventDate "2002.02.09"]

1. e4 c5 2. Nc3 Nc6 3. g3 e6 4. Bg2 a6 5. f4 Nge7 6. d3 Qc7 7. Nf3 d6 8. O-O h6
9. Nh4 Bd7 10. f5 O-O-O 11. Be3 e5 12. f6 gxf6 13. Rxf6 Be6 14. Nd5 Nxd5 15.
exd5 Be7 16. Rf2 Bxh4 17. gxh4 Bd7 18. dxc6 Bxc6 19. Bxc6 Qxc6 20. Qf3 Rhg8+
21. Kf1 d5 22. Qf6 Qd7 23. Qf5 d4 24. Qxd7+ Rxd7 25. Bxh6 Kc7 26. Ke2 Rg6 27.
Bg5 Kd6 28. Raf1 Rg7 29. Rf6+ Kd5 30. c4+ dxc3 31. bxc3 c4 32. d4 exd4 33. cxd4
c3 34. Kd3 Rd6 35. R1f5+ Kc6 36. Rc5+ Kd7 37. Rxd6+ Kxd6 38. Rxc3 f6 39. Bxf6
Rf7 40. Be5+ Ke6 41. Ke4 Rf1 42. d5+ Kd7 43. Rc7+ Kd8 44. Rxb7 Re1+ 45. Kf5 Kc8
46. Ra7 Re2 47. Ke6 1-0

[Event "C.to Provinciale CO"]
[Site "Mariano Comense ITA"]
[Date "2002.02.09"]
[Round "1"]
[White "Boasso, Adriano"]
[Black "Revinelli, Sergio"]
[Result "1/2-1/2"]
[WhiteElo "1473"]
[BlackElo "1675"]
[PlyCount "99"]
[EventDate "2002.02.09"]

1. e4 e5 2. Nf3 Nc6 3. Bc4 Nf6 4. Nc3 Nxe4 5. Nxe4 d5 6. Bxd5 Qxd5 7. Nc3 Qd8
8. d3 Be7 9. O-O O-O 10. Re1 f6 11. Ne4 Bg4 12. Be3 Nd4 13. Bxd4 exd4 14. Ned2
Bb4 15. c3 dxc3 16. bxc3 Bd6 17. Qb3+ Kh8 18. Qxb7 Qd7 19. Nd4 Rfb8 20. Qc6 Qd8
21. Ne6 Qc8 22. Nc4 Bxe6 23. Nxd6 cxd6 24. Qxc8+ Rxc8 25. Rxe6 Rxc3 26. Rxd6
Kg8 27. Rd7 Rac8 28. Kf1 Rc1+ 29. Rxc1 Rxc1+ 30. Ke2 Rc2+ 31. Ke3 Rxa2 32. d4
a5 33. Ra7 Kf8 34. d5 Ra1 35. Kd4 a4 36. Kc5 a3 37. Kd6 a2 38. Kd7 Rd1 39. Rxa2
Rxd5+ 40. Ke6 Re5+ 41. Kd6 g5 42. h3 Kg7 43. Ra7+ Kg6 44. Re7 Rxe7 45. Kxe7 f5
46. g4 fxg4 47. hxg4 h5 48. gxh5+ Kxh5 49. Kf6 Kg4 50. f3+ 1/2-1/2

[Event "C.to Provinciale CO"]
[Site "Mariano Comense ITA"]
[Date "2002.02.09"]
[Round "1"]
[White "Colombo, Samuel"]
[Black "Donadi, Luca"]
[Result "1-0"]
[WhiteElo "1500"]
[BlackElo "1708"]
[PlyCount "91"]
[EventDate "2002.02.09"]

1. d4 Nf6 2. c4 g6 3. Nc3 Bg7 4. e4 d6 5. Nf3 O-O 6. Be2 Nbd7 7. O-O e5 8. d5
Nc5 9. Bg5 h6 10. Bxf6 Bxf6 11. b4 Na6 12. a3 Bg7 13. c5 dxc5 14. Bxa6 cxb4 15.
Bxb7 Bxb7 16. axb4 f5 17. Nd2 c6 18. dxc6 Bxc6 19. Ra6 Qc8 20. Qa1 Qb7 21. b5
Be8 22. Rb1 Rf6 23. b6 Kh7 24. Rxa7 Rxa7 25. Qxa7 Bc6 26. Qxb7 Bxb7 27. exf5
gxf5 28. Na4 Rc6 29. Nb3 Bf8 30. Rc1 Rxc1+ 31. Nxc1 Bc6 32. Nb2 Ba3 33. Ncd3 e4
34. Ne5 Bb7 35. Nbc4 Bc5 36. Na5 Ba6 37. Nd7 Bd4 38. b7 Bxb7 39. Nxb7 e3 40.
fxe3 Bxe3+ 41. Kf1 Kg6 42. Ke2 Ba7 43. Nd8 Kg5 44. Kf3 h5 45. Ne6+ Kh4 46. Ndf8
1-0